000 00441nam a2200181Ia 4500
001 16181
005 20260306170250.0
008 260306t2010||||xx |||||||||||||| ||und||
041 _aESP
082 _a347.3
_bB33
100 _aBeale, Hugh
_eAUT
245 0 _aContract law:
_bcases, materials and text on
260 _c2010
300 _alxxxiv, 1358 páginas :
_c24 cm.
650 _aGEN
654 _aCDE
942 _cLIB
_dJUS
_fJUS
_2ddc
_n
999 _c16181
_d16181